[Event "8th RTU Open 2018"]
[Site "Riga"]
[Date "2018.08.10"]
[Round "7"]
[White "Donchenko, Alexander"]
[Black "Maiorov, Nikita"]
[Result "0-1"]
[WhiteElo "2612"]
[BlackElo "2504"]
[Annotator "TA"]
[PlyCount "134"]
[EventDate "2018.08.06"]
[EventType "swiss"]
[EventCountry "LAT"]
[SourceTitle "playchess.com"]
[Source "ChessBase"]
[SourceQuality "1"]

{[%evp 17,134,9,16,10,11,0,0,3,5,0,15,6,18,12,63,56,89,52,64,50,102,2,121,54,61,62,135,137,129,3,9,8,11,0,21,0,0,0,0,-36,-32,-47,-50,-93,-78,-458,-458,-448,-422,-415,-415,-389,-356,-358,-358,-358,-358,-379,-369,-403,-369,-410,-383,-385,-383,-377,-368,-358,-317,-407,-404,-378,-353,-339,-327,-380,-350,-481,-470,-402,-328,-345,-345,-345,-263,-345,-345,-927,-925,-1177,-1177,-2597,-1386,-1132,-1049,-1024,617,-1023,-932,-891,-872,-1947,-1923,-1821,-1355,-1886,-1681,-3756,-2712,-29969,-29969,-29976,-29979,-29968,-29975,-29981,-29979,-29982,-29983]} 1. g3 d5 2. Nf3 c6 3. Bg2 Nf6 4. O-O Bg4 5. h3 Bh5 6. c4 {A07: Réti Opening: New York and Capablanca Systems} e6 7. d4 Be7 (7... Nbd7 8. cxd5 exd5 9. Ne5 Ne4 10. Nd2 Nxd2 11. Bxd2 Nxe5 12. dxe5 Bc5 13. Kh2 O-O {½-½ (32) Svidler,P (2768)-Karjakin,S (2753) Wijk aan Zee 2018}) 8. Ne5 O-O 9. Nc3 Nfd7 {LiveBook: 3 Games} 10. g4 $146 ({Predecessor:} 10. Qb3 Nxe5 11. dxe5 Nd7 12. cxd5 cxd5 13. g4 Bg6 14. Bf4 Nc5 15. Qd1 {½-½ (26) Miralles,G (2485)-Magem Badals,J (2484) Port Barcares 2005}) 10... Nxe5 11. dxe5 Bg6 12. cxd5 cxd5 13. f4 {White wants to play f5.} h6 14. f5 Bh7 15. f6 $36 {[%mdl 2048] Black is under pressure.} gxf6 (15... Bc5+ $11 16. Kh1 Nc6) 16. Bxh6 $14 Re8 17. exf6 Bxf6 18. Qd2 Nd7 ({Black should play} 18... Bg6 $14) 19. Kh1 ({Better is} 19. e4 $16) 19... Ne5 {[#]} (19... Rc8 $11 {keeps the balance.}) 20. Qf4 (20. e4 $1 $16) 20... Bh8 $1 21. Bg5 $1 {[%cal Rg5d8]} Qb6 (21... Qc7 $14) 22. Bf6 $16 Ng6 23. Qg5 (23. Qh6 $16) 23... Bxf6 $1 $11 24. Qxf6 Rf8 25. Rad1 Qe3 26. Rd4 Rac8 27. g5 Rc6 {And now ...e5 would win.} 28. Qf2 Qxg5 29. e4 {[%cal Re4d5]} e5 30. Rxd5 Nf4 31. h4 $2 {[%mdl 8192]} (31. Rg1 $17 Kh8 32. Rb5) 31... Rh6 $19 32. Qxf4 Rxh4+ (32... Qxf4 $2 33. Rxf4 exf4 34. h5 $19) 33. Qxh4 Qxh4+ 34. Kg1 Qg3 35. Rf3 Qe1+ 36. Kh2 Bg6 37. Rxe5 Kg7 38. Rh3 Qf2 39. Rb5 b6 40. b3 Rc8 41. Rd5 Qf4+ 42. Kg1 {[#]} b5 $1 {[%mdl 512]} 43. Rd1 (43. Nxb5 Rc1+) 43... b4 44. Ne2 Qg4 45. Rd2 Qg5 ({But not} 45... Bxe4 $2 46. Rg3 $18) 46. Rd5 Qe7 47. Nf4 Rc1+ 48. Kh2 Qc7 49. e5 Qb6 50. Rg3 Qg1+ 51. Kh3 Rc3 52. Nxg6 $2 (52. Ne2 Rxg3+ 53. Nxg3) 52... Qf2 {[%csl Gc3][%cal Rf2g3]} 53. Rxc3 bxc3 54. e6 fxe6 55. Rg5 Qe3+ 56. Rg3 {[#]} Qxg3+ $1 {[%mdl 512]} 57. Kxg3 c2 58. Nf4 c1=Q 59. Nxe6+ Kf6 60. Nf4 Qd2 61. Bf1 Qxa2 62. Bc4 Ke5 63. Kf3 a5 {[%cal Ba7a5,Ba5a4,Ba4a3][%mdl 32] Black mates.} 64. Ke3 a4 65. Nd3+ Kd6 66. Nb4 Qb1 67. Kd2 a3 {Precision: White = 34%, Black = 61%.} 0-1

[Event "8th RTU Open 2018"]
[Site "Riga"]
[Date "2018.08.10"]
[Round "7"]
[White "Hovhannisyan, Robert"]
[Black "Kovalenko, Igor"]
[Result "1-0"]
[WhiteElo "2608"]
[BlackElo "2641"]
[Annotator "TA"]
[PlyCount "83"]
[EventDate "2018.08.06"]
[EventType "swiss"]
[EventCountry "LAT"]
[SourceTitle "playchess.com"]
[Source "ChessBase"]
[SourceQuality "1"]

{[%evp 19,83,33,41,16,19,-13,-17,-13,-14,-7,0,0,14,12,22,17,8,11,51,41,120,58,73,73,76,72,58,62,114,109,99,59,52,47,73,66,102,39,54,0,0,5,0,-100,0,-223,-49,-82,-104,-233,-181,-254,-288,-269,0,0,183,184,170,83,5589,2966,29993,29994,29994,29984]} 1. e4 e5 2. Nf3 Nc6 3. Bb5 a6 4. Ba4 Nf6 5. O-O Bc5 6. c3 b5 7. Bc2 d6 8. a4 {C78: Ruy Lopez: Archangelsk and Möller Defences} (8. d4 Bb6 9. h3 h6 10. a4 Rb8 11. a5 Ba7 12. Be3 Qe7 13. Nbd2 O-O 14. Re1 Rb7 15. Nf1 Re8 16. Ng3 {1-0 (43) Movsesian,S (2676)-Gareyev,T (2617) chess.com INT 2017}) 8... Bg4 9. d3 O-O 10. h3 Bh5 {LiveBook: 8 Games} 11. Re1 b4 $146 ({Predecessor:} 11... Re8 12. Nbd2 b4 13. Nf1 d5 14. Ng3 Bg6 15. a5 {1-0 (54) Hunt,H (2438)-Holland,J (2252) England 2015}) 12. g4 Bg6 13. Bg5 Rb8 14. Nbd2 Ba7 15. Nc4 Qe7 16. d4 bxc3 17. bxc3 exd4 18. cxd4 Rfe8 19. Rc1 Qf8 (19... h6 $14 20. Bh4 Nb4) 20. Bxf6 ({White should play} 20. e5 $16 dxe5 21. Ncxe5 (21. dxe5 Bxc2 22. Rxc2 h6 $16) 21... Nxe5 22. dxe5 (22. Nxe5 Bxc2 23. Rxc2 Qd6 $11) (22. Rxe5 Ne4 $14)) 20... gxf6 $14 21. Ne3 $1 {[%cal Re3d5,Bc4e3,Be3f5,Bf5h6][%mdl 32]} Nb4 22. Bb1 $1 c6 23. Nh4 d5 (23... c5 $14) 24. Nef5 $16 Rbd8 25. e5 fxe5 26. dxe5 c5 27. Qd2 {Hoping for Nh6+.} Nc6 28. Qg5 (28. Nh6+ $16 Kg7 29. Qf4) 28... Re6 $1 $14 29. Nh6+ Kh8 {...Bxb1 is the strong threat.} 30. Bf5 Bxf5 $1 31. N4xf5 (31. N6xf5 $11 {keeps the balance.} h6 32. Qh5) 31... c4 (31... Rd7 $1 $17 32. Rb1 c4) 32. Rc3 $2 (32. Kg2 $1 $11) 32... Rg6 $2 (32... Rd7 $1 $19 33. Rcc1 Bc5) 33. Qf4 {aiming for Nd6.} Bb8 $1 {White must now prevent ...f6.} 34. Qd2 (34. h4 $17) 34... Bxe5 $19 ({But not} 34... Nxe5 35. Rce3) 35. Rf3 (35. g5 $142) 35... Bf6 36. h4 Bxh4 $2 (36... Ne5 $1 $19 {[%cal Re5f3]} 37. Rg3 d4 $1 {[%mdl 512]}) 37. Nxh4 $11 Rxh6 $2 {[#]} (37... Qxh6 $11 {and Black is okay.} 38. Nxg6+ Qxg6) 38. Rxf7 $3 $18 {[%mdl 512]} Qxf7 39. Qxh6 Nd4 $2 {[%mdl 8192] [#]} (39... Rg8 $16 40. Qxc6 Rxg4+ 41. Ng2 Rg8) 40. Re7 $1 {[%mdl 512]} Nf5 (40... Qxe7 41. Ng6+) 41. Nxf5 (41. Rxf7 $2 {is the wrong capture.} Nxh6 42. Rc7 Nxg4 $19) 41... Qg6 {[#]} 42. Rxh7+ $1 {[%mdl 512] Precision: White = 52%, Black = 34%.} 1-0

[Event "8th RTU Open 2018"]
[Site "Riga"]
[Date "2018.08.10"]
[Round "7"]
[White "Predke, Alexandr"]
[Black "Yankelevich, Lev"]
[Result "1-0"]
[WhiteElo "2606"]
[BlackElo "2420"]
[Annotator "TA"]
[PlyCount "122"]
[EventDate "2018.08.06"]
[EventType "swiss"]
[EventCountry "LAT"]
[SourceTitle "playchess.com"]
[Source "ChessBase"]
[SourceQuality "1"]

{[%evp 24,122,9,2,37,41,47,46,42,34,147,122,227,215,215,70,114,126,118,95,109,101,150,169,227,210,252,180,222,227,242,234,216,183,179,191,185,149,149,151,212,165,165,165,156,161,153,130,154,152,153,151,154,141,147,131,133,142,151,151,154,159,309,247,409,409,406,387,394,380,356,354,421,421,414,406,406,406,406,406,406,400,390,390,372,368,354,354,556,472,1150,1149,1199,1166,29977,29978,29978,29979,29979,29980,29993]} 1. e4 e5 2. Nf3 Nc6 3. Bb5 a6 4. Ba4 Nf6 5. O-O Be7 6. Re1 b5 7. Bb3 d6 8. c3 O-O 9. h3 Bb7 10. d3 h6 11. Nbd2 {[%cal Bb1d2,Bd2f1,Bf1g3,Bg3e4][%mdl 32]} Re8 {C93: Closed Ruy Lopez: Smyslov Variation} 12. Nf1 Bf8 13. Ng3 {LiveBook: 16 Games} d5 {The position is equal.} (13... g6 14. Bd2 Qd7 15. Nh4 Kh7 16. Rf1 Bg7 17. f4 d5 18. exd5 Nxd5 {1-0 (40) Sengupta,D (2565)-Simacek,P (2490) Pardubice 2018}) 14. exd5 Nxd5 15. d4 {[%cal Rd4e5]} Qd6 16. Ne4 $146 ({Predecessor:} 16. dxe5 Nxe5 17. Nxe5 Rxe5 18. Rxe5 Qxe5 19. Bxd5 Qxd5 20. Qxd5 Bxd5 {½-½ (52) Svoboda,K (1889)-Jancarik,J (1971) Sec u Chrudimi 2007}) 16... Qd8 (16... Qd7 $14) 17. Bxh6 $16 {And now Bd2 would win.} exd4 ({But not} 17... gxh6 $2 18. Bxd5 Bg7 19. dxe5 $18) (17... Na5 $16) 18. Bg5 $18 ({Weaker is} 18. cxd4 Rxe4 19. Rxe4 gxh6 $11) 18... Qd7 19. Nxd4 (19. cxd4 $18 {Hoping for a3.} a5 20. a4) 19... Na5 20. Bc2 $1 c5 21. Nb3 Nxb3 22. axb3 {Threatens to win with c4.} Qc6 23. Qg4 $36 {[%mdl 2048] White is in control.} Re6 (23... Ne7 $142 24. Nd2 Ng6) 24. Rad1 $1 Ne7 {Threatening ...f5.} 25. Nd2 Re8 26. Rxe6 Qxe6 27. Qxe6 fxe6 28. Nf3 Bxf3 29. gxf3 Nd5 30. Bg6 Rb8 31. f4 Nf6 (31... Rb6 $16 {might work better.} 32. f5 exf5) 32. Re1 Rb6 33. f5 exf5 34. Bxf5 Kf7 35. Ra1 Rc6 36. Kf1 g6 37. Bd3 Re6 38. c4 b4 39. Be3 Nd7 40. Be2 Ne5 41. Bg4 Nxg4 42. hxg4 $16 {[%mdl 4096] Endgame KRB-KRB} Re4 (42... Be7 $16 43. Ra5 Bd8) 43. Rxa6 $18 Rxg4 $2 (43... Be7 44. Ra5 Rxg4 45. Bxc5 Bxc5) 44. Rc6 Rh4 {intending ...Rh1+.} 45. Bxc5 Bxc5 46. Rxc5 {KR-KR} Rh3 47. Rd5 $1 Rxb3 48. Rd2 $1 Rh3 {[#]} 49. Kg2 $1 {[%cal Rg2h3]} Rh4 {[#]} 50. b3 $1 Ke6 51. Rd5 Rg4+ 52. Kf3 Rh4 53. Kg3 Rh1 54. Rb5 Rb1 55. Rxb4 Ke5 (55... Kd7 $142 56. Rb6 Rc1) 56. Rb5+ Ke4 (56... Kd6 $142 57. Kf4 Rb2) 57. Kg2 Kd4 58. c5 {[%cal Bc4c5,Bc5c6][%mdl 32]} g5 59. c6 {White mates.} Rc1 60. Rb4+ Kc5 {[#]} 61. Rc4+ $1 Kd5 {Precision: White = 80%, Black = 43%.} (61... Rxc4 62. bxc4) 1-0

[Event "8th RTU Open 2018"]
[Site "Riga"]
[Date "2018.08.10"]
[Round "7"]
[White "Svane, Rasmus"]
[Black "Duzhakov, Ilya"]
[Result "1-0"]
[WhiteElo "2591"]
[BlackElo "2441"]
[Annotator "TA"]
[PlyCount "103"]
[EventDate "2018.08.06"]
[EventType "swiss"]
[EventCountry "LAT"]
[SourceTitle "playchess.com"]
[Source "ChessBase"]
[SourceQuality "1"]

{[%evp 9,103,44,42,44,40,42,43,41,57,23,25,23,27,22,24,21,21,23,24,28,26,8,26,21,29,29,29,16,19,27,30,6,34,13,28,33,26,-16,-16,-16,-9,-16,-16,-16,-9,-18,0,0,0,0,0,0,0,0,0,0,0,0,121,123,122,131,322,338,318,315,315,53,278,271,264,294,291,281,281,269,324,297,394,378,349,209,465,461,506,543,531,544,523,520,520,471,568,493,774,748]} 1. Nf3 Nf6 2. c4 g6 3. Nc3 Bg7 4. e4 e5 5. Nxe5 O-O 6. Nf3 {A16: English Opening: 1...Nf6 with ...d5} Re8 7. d3 d5 8. cxd5 {White is slightly better.} Nxd5 9. Nxd5 (9. Bd2 {keeps more tension.} c5 10. Be2 Nc7 11. Be3 Ne6 12. h4) 9... Qxd5 10. Be2 Qd6 11. O-O c5 12. Qc2 Nc6 13. Be3 $146 b6 14. Rad1 Be6 15. Qb1 h6 16. Rfe1 Rad8 17. h3 Kh7 18. Bf1 Re7 19. Bd2 Red7 20. Bc3 Qf8 21. Qc2 Nd4 22. Nxd4 Bxd4 23. e5 Qe7 24. b3 Qg5 25. Bxd4 Rxd4 26. Re3 h5 27. Rde1 h4 28. Qb2 Rf4 29. Qc1 Rb4 30. Qc3 a5 31. Re4 Rdd4 (31... Rd7 {is more complex.} 32. f4 Qf5 33. Qc2 g5 34. fxg5 Rdd4) 32. Rxd4 Rxd4 33. Re4 Bxh3 (33... Rd8 $11 {remains equal.}) 34. Rxd4 $16 cxd4 35. Qxd4 Bxg2 $2 (35... Be6 $16 36. Qe4 (36. Qxb6 Qxe5 37. d4 Qe1 $14) 36... Kg7) 36. Bxg2 $18 h3 {[%csl Gh3][%cal Rg5g2] [#]} 37. Qd5 Kg7 38. f4 $2 (38. e6 $18 Qc1+ 39. Bf1 h2+ 40. Kxh2 Qxf1 41. Qd4+ (41. exf7 Qxf2+ 42. Kh1 Qxa2 $11) 41... f6 42. Qxb6) 38... Qxf4 $2 (38... Qh4 $1 $14) 39. Bxh3 Qg3+ 40. Bg2 Qe1+ 41. Bf1 Qg3+ 42. Kh1 Qf2 43. Qg2 Qe1 44. Qe2 Qh4+ 45. Kg1 {And now Qe3 would win.} Qg5+ $2 {[#]} (45... Qg3+ 46. Bg2 Qf4) 46. Bg2 {White is clearly winning.} Qc1+ 47. Kf2 Qf4+ 48. Bf3 Qh2+ 49. Kf1 Qf4 50. Kg2 Qd4 51. a4 Qc3 (51... Kf8 $142 52. e6 fxe6 53. Qxe6 Qxd3 54. Qxb6 Qd2+ 55. Qf2 Qc3 56. Bd5+ Kg7 57. Qf7+ Kh6 58. Qf4+ Kh7) 52. Bd5 {Precision: White = 70%, Black = 48%.} 1-0

[Event "8th RTU Open 2018"]
[Site "Riga"]
[Date "2018.08.10"]
[Round "7"]
[White "Esipenko, Andrey"]
[Black "Cruz Lledo, Pablo"]
[Result "1-0"]
[WhiteElo "2589"]
[BlackElo "2432"]
[Annotator "TA"]
[PlyCount "95"]
[EventDate "2018.08.06"]
[EventType "swiss"]
[EventCountry "LAT"]
[SourceTitle "playchess.com"]
[Source "ChessBase"]
[SourceQuality "1"]

{[%evp 16,95,62,62,106,69,74,57,98,91,117,94,141,133,148,145,147,141,133,107,186,194,193,217,185,188,181,169,233,218,190,206,181,165,212,201,177,150,170,156,133,143,143,128,196,205,192,184,208,206,266,258,281,254,311,319,283,260,247,245,483,491,893,904,880,844,787,787,1737,497,786,785,864,761,1820,674,668,668,659,652,659,652]} 1. d4 d5 2. c4 dxc4 3. e4 Nf6 4. e5 Nd5 5. Bxc4 Nb6 6. Bd3 Nc6 7. Ne2 Nb4 {D20: Queen's Gambit Accepted: 3 e3 and 3 e4} 8. Be4 N4d5 9. Nbc3 {LiveBook: 3 Games} f5 $146 {White is slightly better.} ({Predecessor:} 9... e6 10. Nf4 Bb4 11. Qd3 Bd7 12. a3 Bxc3+ 13. bxc3 Bc6 14. Qg3 Qd7 15. Nxd5 Bxd5 {1-0 (40) Wojtaszek,R (2713)-Jakubowski,K (2527) Warsaw 2014}) 10. Bf3 Be6 11. Nxd5 Nxd5 12. Qb3 b6 13. Qc2 Qd7 14. Nf4 $36 {[%mdl 2048] Black is under strong pressure.} c6 15. Bd2 Rc8 16. Nxe6 Qxe6 17. Rc1 g6 (17... Qd7 $16 {keeps fighting.}) 18. Qc4 $18 Kd8 19. O-O {Rc2 is the strong threat.} Qd7 20. Rc2 {[#] aiming for e6!} e6 21. Rfc1 Be7 (21... h6 $142 22. Qa4 c5) 22. Qa4 {[%cal Rc2c6]} c5 {[#]} 23. Qa6 $1 {Threatens to win with dxc5.} Ke8 24. Bxd5 exd5 25. e6 Qc6 26. dxc5 bxc5 27. Qxa7 {White wants to mate with Rxc5!} Qxe6 ({Don't blunder} 27... Ra8 $2 28. Rxc5 Rxa7 29. Rxc6 $18) 28. Re1 Qd7 29. Rxc5 $1 Rxc5 (29... Qxa7 $16 {was worth a try.} 30. Rxc8+ Kf7 31. Rxh8 Kg7) 30. Qxc5 {White threatens Bg5 and mate.} Kf7 31. Qc2 Rc8 32. Qd3 Bf6 33. b3 d4 34. h3 h6 35. a4 ({Not} 35. Bxh6 Rc3 $16) 35... Bg5 36. Rd1 Bxd2 37. Qxd2 {[%mdl 4096] Endgame KQR-KQR} Rb8 $2 (37... d3 38. Qxd3 Qxd3 39. Rxd3 Ke6) 38. Qxh6 {White is clearly winning.} Qe6 (38... Qd8 $142 39. Qh7+ Kf6) 39. Qh7+ Kf6 40. Qh4+ Kf7 41. Qxd4 {And now Qa7+ would win.} Rxb3 42. Ra1 (42. Qa7+ $142 Kf6 43. Qc7) 42... Rb6 (42... Qf6 $142 43. Qc4+ Qe6) 43. a5 Ra6 44. Rb1 Qe4 45. Qxe4 (45. Qd7+ $142 Kf6 46. Rb7 Qe1+ 47. Kh2 Qe5+ 48. g3) 45... fxe4 46. Ra1 Ke6 47. Kf1 Kd5 48. Ke2 {Precision: White = 82%, Black = 37%.} 1-0

[Event "8th RTU Open 2018"]
[Site "Riga"]
[Date "2018.08.10"]
[Round "7"]
[White "Stocek, Jiri"]
[Black "Krivonosov, Oleg"]
[Result "1-0"]
[WhiteElo "2582"]
[BlackElo "2386"]
[Annotator "TA"]
[PlyCount "69"]
[EventDate "2018.08.06"]
[EventType "swiss"]
[EventCountry "LAT"]
[SourceTitle "playchess.com"]
[Source "ChessBase"]
[SourceQuality "1"]

{[%evp 18,69,33,22,26,14,16,11,32,31,35,27,31,0,16,20,10,0,0,0,9,0,14,11,8,0,14,0,131,122,151,104,91,95,91,75,210,197,222,240,231,239,217,214,387,374,366,273,297,296,289,288,334,343]} 1. c4 e6 2. g3 d5 3. Bg2 Nf6 4. Nf3 dxc4 5. O-O Nbd7 (5... a6 6. Qc2 Bd6 7. Qxc4 b5 8. Qc2 Bb7 9. a4 c5 10. Nc3 Qb6 11. d3 O-O 12. axb5 axb5 13. Rxa8 Bxa8 {½-½ (33) Grachev,B (2647)-Riazantsev,A (2662) Sochi 2018}) 6. Na3 {A13: English Opening: 1...e6} Bxa3 7. bxa3 Nb6 8. Bb2 Bd7 {[%cal Bc8d7,Bd7a4,Ba4b5,Bb5a6][%mdl 32]} 9. Ne5 Ba4 10. Qc1 {LiveBook: 3 Games} c6 11. Nxc4 Nxc4 12. Qxc4 Bb5 13. Qc5 Qe7 $146 ({Predecessor:} 13... Qxd2 14. Bxf6 gxf6 {½-½ (42) Cade,S (2105)-Futida,S (2062) IECC email 2006}) 14. Qe3 Nd5 15. Qf3 O-O 16. a4 Ba6 $1 17. Rfc1 $40 {[%mdl 128] Black needs to defend precisely.} Rfd8 18. Rab1 e5 19. d3 f6 20. Qg4 Nc7 21. Be4 Ne6 22. f4 Nc5 {[#]} (22... exf4 $1 $11 {keeps the balance.} 23. gxf4 Nd4) 23. Ba3 $1 $16 b6 24. Bxc6 Rac8 25. Be4 Qd6 {White must now prevent ...Qd4+.} 26. Kg2 Rc7 (26... exf4 $16 27. gxf4 Qe7) 27. a5 $18 Rf8 28. axb6 axb6 29. fxe5 fxe5 30. Rf1 Rcf7 $2 {[#]} (30... Rxf1 {was worth a try.} 31. Rxf1 Bc8) 31. Rxf7 Rxf7 32. Bf3 g6 {White has a decisive advantage.} 33. Qb4 Rf6 34. Qc3 Re6 35. Rc1 {Precision: White = 62%, Black = 55%.} 1-0

[Event "8th RTU Open 2018"]
[Site "Riga"]
[Date "2018.08.10"]
[Round "7"]
[White "Petrosyan, Manuel"]
[Black "Sinz, Bernhard"]
[Result "1-0"]
[WhiteElo "2567"]
[BlackElo "2377"]
[Annotator "ChessBase"]
[PlyCount "74"]
[EventDate "2018.08.06"]
[EventType "swiss"]
[EventCountry "LAT"]
[SourceTitle "playchess.com"]
[Source "ChessBase"]
[SourceQuality "1"]
[TimeControl "5400+30"]

1. d4 {[%emt 0:00:00]} d5 {[%emt 0:00:00]} 2. c4 {[%emt 0:00:00]} e6 {[%emt 0:00:00]} 3. Nc3 {[%emt 0:00:11]} c6 {[%emt 0:00:02]} 4. Nf3 {[%emt 0:00:05]} Nf6 {[%emt 0:00:23]} 5. Bg5 {[%emt 0:00:40]} dxc4 {[%emt 0:00:18]} 6. e4 {[%emt 0:01:24]} b5 {[%emt 0:00:13]} 7. e5 {[%emt 0:00:14]} h6 {[%emt 0:00:16]} 8. Bh4 {[%emt 0:00:04]} g5 {[%emt 0:00:11]} 9. Nxg5 {[%emt 0:00:15]} hxg5 {[%emt 0:00:16]} 10. Bxg5 {[%emt 0:00:03]} Nbd7 {[%emt 0:00:16]} 11. exf6 {[%emt 0:00:12]} Bb7 {[%emt 0:00:35]} 12. g3 {[%emt 0:00:30]} Qb6 {[%emt 0:00:17]} 13. Bg2 {[%emt 0:00:11]} O-O-O {[%emt 0:00:15]} 14. O-O {[%emt 0:01:31]} c5 {[%emt 0:00:13]} 15. d5 {[%emt 0:00:32]} b4 {[%emt 0:00:16]} 16. Rb1 {[%emt 0:04:48]} Qa6 {[%emt 0:00:34]} 17. dxe6 {[%emt 0:00:17]} Bxg2 {[%emt 0:00:34]} 18. e7 {[%emt 0:00:27]} Bxf1 {[%emt 0:03:12]} 19. Kxf1 {[%emt 0:00:26]} Bxe7 {[%emt 0:04:26]} 20. fxe7 {[%emt 0:00:06]} Rdg8 {[%emt 0:01:00]} 21. Ne4 {[%emt 0:00:47]} Rxg5 {[%emt 0:10:55]} 22. Nxg5 {[%emt 0:00:22]} Qg6 {[%emt 0:04:42]} 23. Nf3 {[%emt 0:11:22]} Re8 {[%emt 0:05:24]} 24. Rc1 {[%emt 0:03:51]} Qe4 {[%emt 0:15:46]} 25. Qe2 {[%emt 0:10:27]} Qxe2+ {[%emt 0:01:21]} 26. Kxe2 {[%emt 0:00:05]} Rxe7+ {[%emt 0:00:26]} 27. Kf1 {[%emt 0:00:27]} Nb6 {[%emt 0:18:17]} 28. Nd2 {[%emt 0:01:57]} c3 {[%emt 0:07:10]} 29. bxc3 {[%emt 0:00:59]} Kb7 {[%emt 0:01:08]} 30. Nb3 {[%emt 0:03:39]} Re5 {[%emt 0:04:26]} 31. cxb4 {[%emt 0:04:21]} cxb4 {[%emt 0:02:08]} 32. Nc5+ {[%emt 0:00:16]} Ka8 {[%emt 0:00:46]} 33. Na6 {[%emt 0:09:05]} Re4 {[%emt 0:01:53]} 34. Rb1 {[%emt 0:00:24]} Nd5 {[%emt 0:01:55]} 35. a3 {[%emt 0:02:21]} Re6 {[%emt 0:03:51]} 36. Nxb4 {[%emt 0:00:14]} Rb6 {[%emt 0:00:11]} 37. Rb2 {[%emt 0:00:42]} Kb7 1-0

[Event "8th RTU Open 2018"]
[Site "Riga"]
[Date "2018.08.10"]
[Round "7"]
[White "Zakhartsov, Viacheslav V"]
[Black "Seyb, Alexander"]
[Result "1/2-1/2"]
[WhiteElo "2544"]
[BlackElo "2383"]
[Annotator "TA"]
[PlyCount "71"]
[EventDate "2018.08.06"]
[EventType "swiss"]
[EventCountry "LAT"]
[SourceTitle "playchess.com"]
[Source "ChessBase"]
[SourceQuality "1"]

{[%evp 14,71,30,18,15,28,22,24,20,32,66,7,39,35,65,55,62,59,76,94,68,66,174,120,118,140,109,113,162,75,78,61,76,46,55,8,7,18,18,14,10,0,25,0,0,0,0,0,0,0,0,0,0,0,6,0,0,0,0,0]} 1. Nf3 Nf6 2. c4 c5 3. Nc3 d5 4. cxd5 Nxd5 5. e3 Nc6 6. Bb5 Nxc3 7. bxc3 Qc7 {A34: Symmetrical English: 2 Nc3, lines with ...d5} 8. d4 {LiveBook: 3 Games} cxd4 $146 ({Predecessor:} 8... e6 9. O-O Bd6 10. Ba3 b6 11. dxc5 bxc5 12. Ng5 Bb7 13. Ne4 Bxh2+ 14. Kh1 O-O 15. f4 {0-1 (51) Rusev,K (2548)-Nabaty,T (2630) Baku 2016}) 9. exd4 {aiming for d5.} a6 {White has an edge.} 10. Ba4 e6 11. O-O Be7 12. Qd3 (12. Bc2 $14) 12... Bd7 13. Qe4 O-O 14. Bf4 Qa5 15. Bc2 $36 {[%csl Gc2][%cal Re4h7][%mdl 2048] [#] White has the initiative.} g6 16. c4 Bf6 17. Rab1 Ne7 (17... b5 $14) 18. Be5 ({Don't take} 18. Qxb7 $6 Bc6 $16) ({White should try} 18. Bd6 $18) 18... Bc6 19. Qf4 Bxe5 20. Nxe5 Kg7 21. Ng4 (21. Rb3 $18 {has better winning chances.}) 21... Ng8 $16 22. Bb3 Rad8 23. Rbd1 (23. Ne5 {keeps more tension.} Nf6 24. Rfe1 Nd7 25. Ng4 Qf5 26. Qh6+) 23... Qf5 24. Qxf5 (24. Qg3 {is interesting.} Nf6 25. f3 b5 26. c5 Bd5 27. Rfe1) 24... gxf5 25. Ne5 Ne7 26. Rfe1 Kf6 27. f3 b5 28. Nxc6 Nxc6 {The position is equal.} 29. cxb5 axb5 30. d5 exd5 31. Bxd5 Rd6 32. Bxc6 Rxc6 33. Re2 Ra8 34. Rd5 Rc1+ 35. Kf2 Ra1 36. Rxb5 {Precision: White = 59%, Black = 56%.} 1/2-1/2